[Event "31. Torneo San Viator 2019 - Grupo B"]
[Site "Madrid ESP"]
[Date "2019.09.15"]
[Round "2.18"]
[White "Sanchez Rivero, Miguel"]
[Black "Collado Alcolado, Angel"]
[Result "1/2-1/2"]
[WhiteElo "1581"]
[BlackElo "1227"]
[PlyCount "148"]
[EventDate "2019.09.08"]
[EventType "swiss"]
[EventRounds "9"]
[EventCountry "ESP"]
[SourceTitle "Ajedrez en Madrid"]
[Source "lmi"]
[SourceDate "2019.09.08"]
[SourceVersion "1"]
[SourceVersionDate "2019.10.29"]
[SourceQuality "1"]

1. e4 c5 2. Nf3 d6 3. Bb5+ Bd7 4. Bxd7+ Nxd7 5. d4 cxd4 6. Qxd4 Ngf6 7. Nc3 g6
8. O-O Bg7 9. Qa4 O-O 10. Re1 Nc5 11. Qa3 Nfd7 12. Bf4 Bxc3 13. Qxc3 e5 14. Bg3
Rc8 15. Qe3 a6 16. Qh6 Qf6 17. Rad1 Rc6 18. Rd2 Rd8 19. Bh4 g5 20. Qxg5+ Qxg5
21. Bxg5 f6 22. Bh4 Kf7 23. Kf1 Ke7 24. g4 h6 25. Bg3 Nb6 26. b3 Ne6 27. Red1
Ng5 28. Nxg5 hxg5 29. c4 Nc8 30. h4 gxh4 31. Bxh4 Rh8 32. Bg3 Rh1+ 33. Ke2 Rxd1
34. Rxd1 b5 35. cxb5 axb5 36. Kd3 b4 37. Rd2 Rc3+ 38. Ke2 Na7 39. f3 Nb5 40.
Bf2 Rc1 41. Bb6 Nc3+ 42. Kf2 Ra1 43. Bc7 d5 44. exd5 Rxa2 45. Rxa2 Nxa2 46. Ba5
Kd7 47. Ke3 Nc3 48. Kd3 Nxd5 49. Ke4 Ke6 50. Bd8 Nc3+ 51. Kd3 f5 52. g5 e4+ 53.
fxe4 fxe4+ 54. Ke3 Kf5 55. Kd4 Nb5+ 56. Kc4 Na7 57. Bb6 Nc6 58. Be3 Kg4 59. g6
Ne5+ 60. Kd4 Nxg6 61. Kxe4 Ne7 62. Bc5 Nc6 63. Bb6 Kg5 64. Kd5 Nb8 65. Bc7 Na6
66. Bd6 Kf5 67. Kc6 Ke6 68. Kb5 Kd5 69. Bxb4 Nb8 70. Be1 Nc6 71. Bf2 Kd6 72.
Kb6 Kd7 73. Bc5 Nd8 74. b4 Ne6 1/2-1/2

[Event "31. Torneo San Viator 2019 - Grupo B"]
[Site "Madrid ESP"]
[Date "2019.09.15"]
[Round "2.19"]
[White "Urbelz Perez, Ignacio"]
[Black "Mangas Perez, Roberto"]
[Result "1-0"]
[WhiteElo "1551"]
[BlackElo "1082"]
[PlyCount "107"]
[EventDate "2019.09.08"]
[EventType "swiss"]
[EventRounds "9"]
[EventCountry "ESP"]
[SourceTitle "Ajedrez en Madrid"]
[Source "lmi"]
[SourceDate "2019.09.08"]
[SourceVersion "1"]
[SourceVersionDate "2019.10.29"]
[SourceQuality "1"]

1. e4 c5 2. Nc3 Nc6 3. Bb5 Nf6 4. Bxc6 bxc6 5. f4 d6 6. Nf3 Bg4 7. O-O g6 8. d3
Bg7 9. Qe1 Bxf3 10. Rxf3 e5 11. fxe5 dxe5 12. Qf2 O-O 13. Bg5 Ng4 14. Qh4 f6
15. Qxg4 fxg5 16. Qe6+ Kh8 17. Raf1 Rxf3 18. Rxf3 Qg8 19. Qxc6 Rc8 20. Qa6 Ra8
21. Nd5 g4 22. Rf1 Bh6 23. Qb7 Rf8 24. Qxa7 Rxf1+ 25. Kxf1 Qf8+ 26. Ke2 Bf4 27.
Qe7 Bh6 28. a4 Qxe7 29. Nxe7 Bf8 30. Nc6 Bd6 31. a5 Bc7 32. a6 Bb6 33. a7 Bxa7
34. Nxa7 Kg7 35. Nc6 Kf6 36. b4 cxb4 37. Nxb4 Kg5 38. c4 h5 39. c5 Kf4 40. Nd5+
Kg5 41. c6 h4 42. c7 h3 43. g3 Kh5 44. c8=Q Kg5 45. Qe6 Kh5 46. Qxe5+ Kh6 47.
Nf4 Kh7 48. Qg5 Kg7 49. e5 Kf7 50. e6+ Kg7 51. Qd8 Kh7 52. e7 Kg7 53. e8=Q Kh7
54. Qxg6# 1-0

[Event "31. Torneo San Viator 2019 - Grupo B"]
[Site "Madrid ESP"]
[Date "2019.09.15"]
[Round "2.22"]
[White "Perez Sempere, Alberto"]
[Black "Jimenez Perez, Federico"]
[Result "0-1"]
[WhiteElo "1719"]
[BlackElo "1291"]
[PlyCount "96"]
[EventDate "2019.09.08"]
[EventType "swiss"]
[EventRounds "9"]
[EventCountry "ESP"]
[SourceTitle "Ajedrez en Madrid"]
[Source "lmi"]
[SourceDate "2019.09.08"]
[SourceVersion "1"]
[SourceVersionDate "2019.10.29"]
[SourceQuality "1"]

1. e4 c5 2. Nf3 g6 3. d4 cxd4 4. Nxd4 Bg7 5. Be3 Nc6 6. c4 Nf6 7. Nc3 O-O 8.
Be2 d6 9. O-O a6 10. b3 Nxd4 11. Bxd4 b5 12. cxb5 axb5 13. Bxb5 Ba6 14. Bxa6
Rxa6 15. Qd3 Ra8 16. f3 Nh5 17. g3 Rc8 18. Rfc1 Qa5 19. Bxg7 Nxg7 20. Rc2 Ne6
21. Rac1 Nc5 22. Qe3 e6 23. Qd4 Qa6 24. b4 e5 25. Qd5 Nd3 26. b5 Qb6+ 27. Kg2
Nxc1 28. Rxc1 Qe3 29. Rc2 Rxc3 30. Rd2 Qxf3+ 31. Kh3 h5 32. Qxd6 Qxe4 33. Rf2
Rf3 34. Rxf3 Qxf3 35. Qxe5 Qg4+ 36. Kg2 Rd8 37. Qe3 Qc4 38. Qg5 Qd5+ 39. Qxd5
Rxd5 40. a4 Rd2+ 41. Kf3 Ra2 42. Ke4 Rxa4+ 43. Kd5 Rb4 44. Kc5 Rb2 45. h4 Kf8
46. Kc6 Ke7 47. b6 Ke6 48. Kc7 Kf5 0-1

[Event "31. Torneo San Viator 2019 - Grupo B"]
[Site "Madrid ESP"]
[Date "2019.09.15"]
[Round "2.23"]
[White "Buzica Patrin, Teo Adrian"]
[Black "Lavado Peña, David"]
[Result "1-0"]
[WhiteElo "1443"]
[BlackElo "1184"]
[PlyCount "75"]
[EventDate "2019.09.08"]
[EventType "swiss"]
[EventRounds "9"]
[EventCountry "ESP"]
[SourceTitle "Ajedrez en Madrid"]
[Source "lmi"]
[SourceDate "2019.09.08"]
[SourceVersion "1"]
[SourceVersionDate "2019.10.29"]
[SourceQuality "1"]

1. e4 c5 2. Nf3 Nc6 3. d4 cxd4 4. Nxd4 g6 5. Nc3 Bg7 6. Be3 Nf6 7. Be2 O-O 8.
O-O d5 9. exd5 Nxd5 10. Nxd5 Qxd5 11. Bf3 Qd6 12. Nxc6 Qxd1 13. Nxe7+ Kh8 14.
Rfxd1 Re8 15. Nd5 Rb8 16. Nc7 Rf8 17. Bxa7 Bf5 18. Bxb8 Rxb8 19. c3 h5 20. Nd5
b5 21. Ne3 Be6 22. Bd5 b4 23. Bxe6 fxe6 24. cxb4 Rxb4 25. Rab1 Ra4 26. a3 Ra8
27. Rd6 Rb8 28. Rxe6 Kg8 29. Rxg6 Kf7 30. Rc6 Ke8 31. Nf5 Bh8 32. Re1+ Kd7 33.
Rd6+ Kc7 34. Re7+ Kc8 35. Re8+ Kc7 36. Rxb8 Kxb8 37. Rd8+ Kc7 38. Rxh8 1-0

[Event "31. Torneo San Viator 2019 - Grupo B"]
[Site "Madrid ESP"]
[Date "2019.09.15"]
[Round "2.24"]
[White "Higueruela Fernandez, Mario"]
[Black "Gallego Romero, Manuel"]
[Result "1-0"]
[WhiteElo "1131"]
[BlackElo "1421"]
[PlyCount "133"]
[EventDate "2019.09.08"]
[EventType "swiss"]
[EventRounds "9"]
[EventCountry "ESP"]
[SourceTitle "Ajedrez en Madrid"]
[Source "lmi"]
[SourceDate "2019.09.08"]
[SourceVersion "1"]
[SourceVersionDate "2019.10.29"]
[SourceQuality "1"]

1. e4 e5 2. Nf3 Nc6 3. Bc4 h6 4. c3 Nf6 5. d3 d6 6. h3 a6 7. Be3 Na5 8. Nbd2
Nxc4 9. Nxc4 b5 10. Ncd2 Be7 11. d4 exd4 12. Bxd4 c5 13. Be3 Bb7 14. Qc2 O-O
15. O-O Re8 16. Bf4 Rc8 17. Rfe1 Bf8 18. Rad1 Rc7 19. Re3 Rd7 20. Rde1 Rde7 21.
Qd3 Re6 22. c4 b4 23. b3 Qa8 24. e5 dxe5 25. Rxe5 Rxe5 26. Bxe5 Nh7 27. Qd7 f6
28. Bf4 Rxe1+ 29. Nxe1 Bc6 30. Qe6+ Kh8 31. f3 Qe8 32. Qxe8 Bxe8 33. Ne4 Bg6
34. g4 f5 35. gxf5 Bxf5 36. Nd3 Bxe4 37. fxe4 Nf6 38. Be3 Nxe4 39. Kg2 Be7 40.
Kf3 Ng5+ 41. Kg4 Ne6 42. Kf5 Nd4+ 43. Ke5 Kh7 44. Kd5 Kg6 45. Nxc5 Bxc5 46.
Kxc5 Nc2 47. Bf2 Kh5 48. Kd5 g5 49. c5 g4 50. hxg4+ Kxg4 51. c6 Kf3 52. c7 Kxf2
53. c8=Q Ne3+ 54. Ke4 Ng2 55. Qf8+ Kg1 56. Qc5+ Kf1 57. Kf3 Ne1+ 58. Kg3 Nd3
59. Qf5+ Ke2 60. Qe4+ Kd2 61. Kf3 Ne1+ 62. Kf2 Nd3+ 63. Kf1 h5 64. Qe2+ Kc3 65.
Qe3 h4 66. Ke2 h3 67. Qxd3+ 1-0

[Event "31. Torneo San Viator 2019 - Grupo B"]
[Site "Madrid ESP"]
[Date "2019.09.15"]
[Round "2.25"]
[White "Lopez Sanz, David"]
[Black "Perez Ramos, Miguel Angel"]
[Result "1-0"]
[WhiteElo "1411"]
[BlackElo "1128"]
[PlyCount "99"]
[EventDate "2019.09.08"]
[EventType "swiss"]
[EventRounds "9"]
[EventCountry "ESP"]
[SourceTitle "Ajedrez en Madrid"]
[Source "lmi"]
[SourceDate "2019.09.08"]
[SourceVersion "1"]
[SourceVersionDate "2019.10.29"]
[SourceQuality "1"]

1. e4 e5 2. Nf3 Nc6 3. d4 d6 4. d5 Nce7 5. c4 Nf6 6. Nc3 c5 7. Be2 Ng6 8. O-O
h6 9. Re1 Be7 10. a3 Nd7 11. b4 a6 12. bxc5 Nxc5 13. Be3 b6 14. Nd2 Bd7 15. Bh5
Nd3 16. Rf1 Bg5 17. Bxg6 fxg6 18. Bxg5 Qxg5 19. Nf3 Nb2 20. Qb3 Qd8 21. Qxb2
O-O 22. Rab1 Rb8 23. h3 g5 24. Nh2 Qc8 25. Qe2 Qc5 26. Rb3 b5 27. Rfb1 Rf6 28.
cxb5 axb5 29. Nxb5 Rbf8 30. Rf3 h5 31. Rxf6 Rxf6 32. a4 g4 33. hxg4 hxg4 34. g3
Rh6 35. a5 Rf6 36. Nf1 Bxb5 37. Rxb5 Qd4 38. Ne3 Qa1+ 39. Kg2 Rh6 40. Qf1 Qa4
41. Nxg4 Qxe4+ 42. f3 Qc2+ 43. Qf2 Qxf2+ 44. Kxf2 Rg6 45. a6 e4 46. a7 exf3 47.
a8=Q+ Kh7 48. Rb8 Rxg4 49. Rh8+ Kg6 50. Qe8+ 1-0

[Event "31. Torneo San Viator 2019 - Grupo B"]
[Site "Madrid ESP"]
[Date "2019.09.15"]
[Round "2.26"]
[White "Giron Herranz, Ivan"]
[Black "Fente Fernandez, Jose Ignacio"]
[Result "0-1"]
[WhiteElo "1097"]
[BlackElo "1410"]
[PlyCount "47"]
[EventDate "2019.09.08"]
[EventType "swiss"]
[EventRounds "9"]
[EventCountry "ESP"]
[SourceTitle "Ajedrez en Madrid"]
[Source "lmi"]
[SourceDate "2019.09.08"]
[SourceVersion "1"]
[SourceVersionDate "2019.10.29"]
[SourceQuality "1"]

1. f4 Nf6 2. Nf3 c5 3. e3 Nc6 4. Nc3 d5 5. Bb5 Bg4 6. O-O d4 7. exd4 cxd4 8.
Ne2 Bxf3 9. Rxf3 e6 10. Rd3 Bc5 11. c3 dxc3+ 12. Kh1 Qxd3 13. Bxd3 Ng4 14. Nd4
Nf2+ 15. Kg1 Nxd1 16. Kf1 Bxd4 17. bxc3 Bb6 18. Ba3 O-O-O 19. Rxd1 Rxd3 20. Ke2
Rhd8 21. Bc1 e5 22. Rf1 Bc7 23. fxe5 Nxe5 24. Rd1 0-1

[Event "31. Torneo San Viator 2019 - Grupo B"]
[Site "Madrid ESP"]
[Date "2019.09.15"]
[Round "2.27"]
[White "Lavado Peña, Hector"]
[Black "Torrecillas Adan, Luis"]
[Result "0-1"]
[WhiteElo "1058"]
[BlackElo "1400"]
[PlyCount "86"]
[EventDate "2019.09.08"]
[EventType "swiss"]
[EventRounds "9"]
[EventCountry "ESP"]
[SourceTitle "Ajedrez en Madrid"]
[Source "lmi"]
[SourceDate "2019.09.08"]
[SourceVersion "1"]
[SourceVersionDate "2019.10.29"]
[SourceQuality "1"]

1. e4 e5 2. Nf3 Nc6 3. Nc3 a6 4. a3 Nf6 5. Bc4 h6 6. b4 b5 7. Bb3 Bb7 8. d3 d6
9. Be3 Be7 10. O-O O-O 11. h3 Nb8 12. Qd2 c6 13. d4 exd4 14. Qxd4 c5 15. bxc5
dxc5 16. Qxd8 Rxd8 17. Nd2 c4 18. Ba2 Nc6 19. Rad1 Bxa3 20. Nf3 Bb4 21. Bd2
Bxc3 22. Bxc3 Nxe4 23. Rxd8+ Rxd8 24. Bb2 Nd2 25. Nxd2 Rxd2 26. Re1 Rd8 27. Bb1
f6 28. c3 Ne5 29. Bc1 g5 30. g3 Nf3+ 31. Kf1 Nxe1 32. Kxe1 Kg7 33. Be3 Bc8 34.
Bb6 Re8+ 35. Kf1 Bxh3+ 36. Kg1 Bc8 37. Bc2 g4 38. f3 Re2 39. Kf1 Rxc2 40. fxg4
Bxg4 41. Bd4 a5 42. Bb6 a4 43. Ba5 a3 0-1

[Event "31. Torneo San Viator 2019 - Grupo B"]
[Site "Madrid ESP"]
[Date "2019.09.15"]
[Round "2.28"]
[White "Barragan Sanchez, Enrique"]
[Black "Martin Sanchez, Ivan"]
[Result "1-0"]
[WhiteElo "1364"]
[BlackElo "1095"]
[PlyCount "49"]
[EventDate "2019.09.08"]
[EventType "swiss"]
[EventRounds "9"]
[EventCountry "ESP"]
[SourceTitle "Ajedrez en Madrid"]
[Source "lmi"]
[SourceDate "2019.09.08"]
[SourceVersion "1"]
[SourceVersionDate "2019.10.29"]
[SourceQuality "1"]

1. d4 d5 2. c4 e6 3. Nc3 dxc4 4. e3 b5 5. Nxb5 Ba6 6. Qa4 c6 7. Nc3 Qb6 8. Bxc4
Bxc4 9. Qxc4 Nf6 10. Nf3 Ne4 11. Nxe4 Be7 12. O-O O-O 13. Ne5 a5 14. Rd1 a4 15.
Nc5 Ra5 16. Ncd7 Nxd7 17. Nxd7 Qc7 18. Nxf8 Bxf8 19. Bd2 Rb5 20. Rab1 c5 21.
Qxb5 cxd4 22. Rbc1 Bc5 23. Qxc5 Qb7 24. Qc8+ Qxc8 25. Rxc8# 1-0

[Event "31. Torneo San Viator 2019 - Grupo B"]
[Site "Madrid ESP"]
[Date "2019.09.15"]
[Round "2.29"]
[White "Garcia Serrano, Alfredo"]
[Black "Bergas Moreno, Francisco J"]
[Result "1-0"]
[WhiteElo "1034"]
[BlackElo "1325"]
[PlyCount "121"]
[EventDate "2019.09.08"]
[EventType "swiss"]
[EventRounds "9"]
[EventCountry "ESP"]
[SourceTitle "Ajedrez en Madrid"]
[Source "lmi"]
[SourceDate "2019.09.08"]
[SourceVersion "1"]
[SourceVersionDate "2019.10.29"]
[SourceQuality "1"]

1. e4 c5 2. Nc3 Nc6 3. Nf3 d6 4. d3 g6 5. g3 Bg7 6. Qd2 Bg4 7. Bg2 Nf6 8. a4 a6
9. O-O O-O 10. Rb1 Rb8 11. b3 Re8 12. h4 Nd7 13. Bb2 Nde5 14. Nh2 Bc8 15. Ne2
b6 16. Nf3 Rf8 17. Kh2 Qc7 18. Nxe5 Nxe5 19. c3 f5 20. b4 fxe4 21. d4 Nf3+ 22.
Bxf3 exf3 23. Nf4 Bg4 24. Qe3 Qd7 25. Rfe1 e5 26. dxe5 Bxe5 27. bxc5 bxc5 28.
c4 Rfe8 29. Bxe5 Rxb1 30. Rxb1 Rxe5 31. Qd2 Bf5 32. Re1 Rxe1 33. Qxe1 Kg7 34.
Qa1+ Kg8 35. Qc3 Be4 36. a5 Qe7 37. Nd3 Bxd3 38. Qxd3 Qe2 39. Qe3 Qd1 40. Qe6+
Kf8 41. Qf6+ Ke8 42. Qh8+ Kd7 43. Qxh7+ Kc6 44. Qxg6 Qf1 45. Qe4+ Kd7 46. Qxf3
Qxc4 47. h5 Qd4 48. h6 Qh8 49. Qf5+ Kc6 50. Qe4+ Kb5 51. Qg6 Qb2 52. Kg2 Qd2
53. h7 Qd5+ 54. Kg1 Qd1+ 55. Kh2 Qf1 56. Qf6 Kxa5 57. h8=Q d5 58. Qhd8+ Kb5 59.
Qxd5 Kb4 60. Qb6+ Ka4 61. Qdb3# 1-0

[Event "31. Torneo San Viator 2019 - Grupo B"]
[Site "Madrid ESP"]
[Date "2019.09.15"]
[Round "2.30"]
[White "Perales Hernandez, Manuel"]
[Black "Acebes Moran, Roberto"]
[Result "1-0"]
[WhiteElo "1324"]
[BlackElo "1034"]
[PlyCount "25"]
[EventDate "2019.09.08"]
[EventType "swiss"]
[EventRounds "9"]
[EventCountry "ESP"]
[SourceTitle "Ajedrez en Madrid"]
[Source "lmi"]
[SourceDate "2019.09.08"]
[SourceVersion "1"]
[SourceVersionDate "2019.10.29"]
[SourceQuality "1"]

1. e4 e5 2. Nf3 Nc6 3. d4 f6 4. Bc4 Nh6 5. c3 Na5 6. Bd3 b6 7. Bxh6 gxh6 8. Nh4
f5 9. Qh5+ Ke7 10. Nxf5+ Ke6 11. b4 Qg5 12. Qe8+ Kf6 13. dxe5# 1-0

[Event "31. Torneo San Viator 2019 - Grupo B"]
[Site "Madrid ESP"]
[Date "2019.09.15"]
[Round "2.32"]
[White "Medina Lucena, Emilio"]
[Black "Lopez Ortega, Ivan"]
[Result "1-0"]
[WhiteElo "1315"]
[BlackElo "1002"]
[PlyCount "83"]
[EventDate "2019.09.08"]
[EventType "swiss"]
[EventRounds "9"]
[EventCountry "ESP"]
[SourceTitle "Ajedrez en Madrid"]
[Source "lmi"]
[SourceDate "2019.09.08"]
[SourceVersion "1"]
[SourceVersionDate "2019.10.29"]
[SourceQuality "1"]

1. d4 d5 2. Bf4 Nc6 3. e3 Bf5 4. Bd3 g6 5. Bxf5 gxf5 6. Nf3 Bg7 7. c3 Na5 8.
Qa4+ c6 9. Nbd2 Nf6 10. b4 b5 11. Qxa5 Qxa5 12. bxa5 O-O 13. O-O Rac8 14. Ne5
c5 15. Rfc1 Nh5 16. dxc5 Nf6 17. Nb3 Ne4 18. a6 f6 19. Nd3 e5 20. Bg3 Nxg3 21.
hxg3 e4 22. Nf4 Rb8 23. Rcb1 b4 24. cxb4 Rxb4 25. Nd4 Rc4 26. c6 Rc8 27. Nxd5
Bf8 28. Rb7 Bc5 29. Ne7+ Bxe7 30. Rxe7 Kf8 31. Rxh7 Kg8 32. Rxa7 Rb8 33. c7 Rc8
34. Ne6 Kf7 35. Nd8+ Ke7 36. Rd1 Ra4 37. Nc6+ Ke6 38. Rd8 Rxc7 39. Rxc7 Rxa2
40. Rb7 Ra1+ 41. Kh2 Rc1 42. Re7# 1-0

[Event "31. Torneo San Viator 2019 - Grupo B"]
[Site "Madrid ESP"]
[Date "2019.09.29"]
[Round "3.1"]
[White "Jimenez Gonzalez, Marcos"]
[Black "Duran Andres, Rodrigo"]
[Result "1/2-1/2"]
[WhiteElo "1732"]
[BlackElo "1460"]
[PlyCount "100"]
[EventDate "2019.09.08"]
[EventType "swiss"]
[EventRounds "9"]
[EventCountry "ESP"]
[SourceTitle "Ajedrez en Madrid"]
[Source "lmi"]
[SourceDate "2019.09.08"]
[SourceVersion "1"]
[SourceVersionDate "2019.10.29"]
[SourceQuality "1"]

1. d4 d5 2. c4 e6 3. Nf3 Nf6 4. g3 Be7 5. Bg2 Nbd7 6. Nbd2 O-O 7. O-O Rb8 8.
Qc2 b6 9. b3 c5 10. Bb2 h6 11. Rfd1 Qc7 12. Rac1 Ba6 13. e3 Rfc8 14. Ne5 cxd4
15. Nxd7 Qxd7 16. Bxd4 Qe8 17. Be5 Rb7 18. Qb2 Rd7 19. cxd5 Rxc1 20. Rxc1 Nxd5
21. Bxg7 f6 22. Bxh6 e5 23. Bxd5+ Rxd5 24. e4 Rd7 25. Be3 Qh5 26. Kg2 Bd3 27.
f3 Bb5 28. Rc8+ Bf8 29. Qa3 Rf7 30. b4 Be2 31. Qb3 Kg7 32. Qe6 Bxb4 33. g4 Qh7
34. Rd8 Bb5 35. Qb3 Bxd2 36. Rxd2 a6 37. a4 Be8 38. Bxb6 Rb7 39. a5 Bb5 40. Qd5
Rf7 41. Rc2 Kg6 42. Qd2 Rd7 43. Qe3 Qh4 44. Qf2 Qh6 45. Be3 Qh7 46. Rd2 Rc7 47.
Bb6 Rc1 48. Qg3 Qh6 49. g5 Qxg5 50. Qxg5+ Kxg5 1/2-1/2

[Event "31. Torneo San Viator 2019 - Grupo B"]
[Site "Madrid ESP"]
[Date "2019.09.29"]
[Round "3.2"]
[White "Del Noval Nemeshazi, Mario"]
[Black "Caamaño Jimenez, Luis"]
[Result "1-0"]
[WhiteElo "1577"]
[BlackElo "1699"]
[PlyCount "55"]
[EventDate "2019.09.08"]
[EventType "swiss"]
[EventRounds "9"]
[EventCountry "ESP"]
[SourceTitle "Ajedrez en Madrid"]
[Source "lmi"]
[SourceDate "2019.09.08"]
[SourceVersion "1"]
[SourceVersionDate "2019.10.29"]
[SourceQuality "1"]

1. e4 c5 2. Nf3 g6 3. d4 cxd4 4. Nxd4 Bg7 5. Nc3 Nc6 6. Be3 Nf6 7. f3 O-O 8.
Qd2 d6 9. g4 Nd7 10. O-O-O Nde5 11. Qg2 Qb6 12. Nf5 Qa5 13. Nxg7 Kxg7 14. Rd5
Qd8 15. f4 Nxg4 16. Bd2 Nf6 17. Rg5 e6 18. f5 exf5 19. exf5 Kh8 20. Rg1 Rg8 21.
Nd5 Bxf5 22. Bc3 Ne5 23. Bd3 Bxd3 24. Rxe5 Rg7 25. Re3 Nxd5 26. Bxg7+ Kxg7 27.
Qxd5 Qb6 28. Qxd3 1-0

[Event "31. Torneo San Viator 2019 - Grupo B"]
[Site "Madrid ESP"]
[Date "2019.09.29"]
[Round "3.3"]
[White "Martinez Martinez, Javier II"]
[Black "Arias Cusio, Oscar"]
[Result "0-1"]
[WhiteElo "1558"]
[BlackElo "1690"]
[PlyCount "80"]
[EventDate "2019.09.08"]
[EventType "swiss"]
[EventRounds "9"]
[EventCountry "ESP"]
[SourceTitle "Ajedrez en Madrid"]
[Source "lmi"]
[SourceDate "2019.09.08"]
[SourceVersion "1"]
[SourceVersionDate "2019.10.29"]
[SourceQuality "1"]

1. d4 Nf6 2. Nf3 d6 3. g3 g6 4. Bg5 Bg7 5. Bxf6 Bxf6 6. Qd2 Bg4 7. Bg2 c5 8. h3
Bxf3 9. Bxf3 Nc6 10. Bxc6+ bxc6 11. c3 cxd4 12. cxd4 Qb6 13. e3 Rd8 14. Nc3 Qb7
15. O-O c5 16. d5 O-O 17. Rab1 Qd7 18. Kg2 Rb8 19. h4 Rb4 20. Ne2 Rfb8 21. b3
Qg4 22. Rh1 c4 23. f3 Qf5 24. e4 Qe5 25. Rhc1 cxb3 26. Rxb3 Rxb3 27. axb3 Rxb3
28. Qh6 Rb8 29. Qe3 Qb2 30. Kh3 a5 31. Nf4 Bd4 32. Qe1 a4 33. Nd3 Qb5 34. Qd2
a3 35. Rc2 Qb1 36. Ra2 Qh1+ 37. Kg4 h5+ 38. Kf4 Rb3 39. Ne1 Be5+ 40. Kg5 Kg7
0-1

[Event "31. Torneo San Viator 2019 - Grupo B"]
[Site "Madrid ESP"]
[Date "2019.09.29"]
[Round "3.4"]
[White "San Felipe Gonzalez, Tomas"]
[Black "Rey Martinez, Jaime"]
[Result "0-1"]
[WhiteElo "1673"]
[BlackElo "1564"]
[PlyCount "100"]
[EventDate "2019.09.08"]
[EventType "swiss"]
[EventRounds "9"]
[EventCountry "ESP"]
[SourceTitle "Ajedrez en Madrid"]
[Source "lmi"]
[SourceDate "2019.09.08"]
[SourceVersion "1"]
[SourceVersionDate "2019.10.29"]
[SourceQuality "1"]

1. c4 c5 2. Nc3 Nc6 3. g3 g6 4. Bg2 Bg7 5. d3 Nf6 6. e4 e5 7. Nge2 d6 8. h3 Be6
9. O-O Qd7 10. Kh2 Ng8 11. f4 Nge7 12. Ng1 f5 13. Nf3 exf4 14. Bxf4 Bxc3 15.
bxc3 fxe4 16. dxe4 Bxc4 17. Rf2 Rd8 18. Rd2 Nc8 19. Qg1 b6 20. Rad1 O-O 21. h4
Be6 22. Qe3 Bg4 23. Re1 Qe8 24. Bh6 Rf7 25. Ng5 Re7 26. Qf4 Ne5 27. Bf1 Qc6 28.
Rb1 c4 29. Rd4 Qc7 30. Bxc4+ Nxc4 31. Qxg4 Ne5 32. Qd1 Qxc3 33. Rb3 Qc7 34. Nh3
Rf7 35. Rb2 Nf3+ 36. Kg2 Nxd4 37. Qxd4 Qc5 38. Qd2 Qh5 39. Bf4 Qg4 40. Ng5 Rf6
41. Qd5+ Kg7 42. Qb7+ Qd7 43. Qd5 h6 44. Nf3 Qg4 45. Qd2 Rdf8 46. Bxh6+ Kg8 47.
Nh2 Qxe4+ 48. Kg1 Re8 49. Nf1 Qf3 50. Rb1 Re2 0-1

[Event "31. Torneo San Viator 2019 - Grupo B"]
[Site "Madrid ESP"]
[Date "2019.09.29"]
[Round "3.5"]
[White "Giron Herranz, Juan"]
[Black "Gil Calvente, Jose Antonio"]
[Result "1-0"]
[WhiteElo "1439"]
[BlackElo "1666"]
[PlyCount "169"]
[EventDate "2019.09.08"]
[EventType "swiss"]
[EventRounds "9"]
[EventCountry "ESP"]
[SourceTitle "Ajedrez en Madrid"]
[Source "lmi"]
[SourceDate "2019.09.08"]
[SourceVersion "1"]
[SourceVersionDate "2019.10.29"]
[SourceQuality "1"]

1. e4 e5 2. Nf3 Nc6 3. Bc4 Nf6 4. d3 Be7 5. O-O O-O 6. Bg5 d6 7. h3 Na5 8. Bb3
Nxb3 9. axb3 Be6 10. Nbd2 Nd7 11. Bxe7 Qxe7 12. Re1 f5 13. exf5 Bxf5 14. Ne4 h6
15. Ng3 Qf6 16. Nxf5 Qxf5 17. Qe2 Nf6 18. Nd2 Nd5 19. Ne4 Nf4 20. Qe3 Qg6 21.
Qg3 Qf5 22. Qf3 d5 23. Ng3 Qg5 24. Qe3 Rf5 25. Qc5 c6 26. Rxa7 Rxa7 27. Qxa7 h5
28. h4 Qg4 29. Qxb7 Rf6 30. Rxe5 Qxh4 31. Qe7 Qg4 32. Qe8+ Kh7 33. Rxh5+ Nxh5
34. Qxh5+ Qxh5 35. Nxh5 Rf7 36. Kf1 Ra7 37. Ke2 Ra2 38. Kd2 Rxb2 39. Ng3 Kg6
40. Ne2 Ra2 41. Nd4 Ra6 42. Kc3 c5 43. Nb5 Rb6 44. Nc7 Rf6 45. f3 Rf5 46. Ne6
c4 47. bxc4 dxc4 48. Kxc4 Kf6 49. Nc5 Ke5 50. d4+ Kd6 51. Ne4+ Kc6 52. Kd3 Ra5
53. c4 Ra2 54. d5+ Kd7 55. g3 Ra3+ 56. Nc3 Ra1 57. Kd4 Rf1 58. f4 Rf3 59. Ne4
Rf1 60. c5 Re1 61. c6+ Kc7 62. Nd2 Rd1 63. Ke3 Re1+ 64. Kd3 Rd1 65. Kc3 Rc1+
66. Kb4 Rg1 67. Kc5 Rxg3 68. d6+ Kc8 69. Ne4 Rg1 70. d7+ Kc7 71. Nc3 Rc1 72.
Kb4 Rc2 73. Nb5+ Kd8 74. Nd4 Rxc6 75. Nxc6+ Kxd7 76. Kc5 Ke6 77. Nd4+ Kf6 78.
Kd5 g6 79. Ke4 Kf7 80. Ke5 Ke7 81. Nf3 Kf7 82. Nh4 Kg7 83. Ke6 Kh7 84. Nxg6
Kxg6 85. f5+ 1-0

[Event "31. Torneo San Viator 2019 - Grupo B"]
[Site "Madrid ESP"]
[Date "2019.09.29"]
[Round "3.6"]
[White "Arribas Lopez, Sara"]
[Black "Martin Garcia, Francisco Javier"]
[Result "1-0"]
[WhiteElo "1661"]
[BlackElo "1478"]
[PlyCount "65"]
[EventDate "2019.09.08"]
[EventType "swiss"]
[EventRounds "9"]
[EventCountry "ESP"]
[SourceTitle "Ajedrez en Madrid"]
[Source "lmi"]
[SourceDate "2019.09.08"]
[SourceVersion "1"]
[SourceVersionDate "2019.10.29"]
[SourceQuality "1"]

1. e4 c5 2. Nc3 Nc6 3. a3 e6 4. Bc4 a6 5. Ba2 Nf6 6. d3 d6 7. Be3 Be7 8. h3 Qc7
9. Qd2 b5 10. f4 Rb8 11. Nf3 b4 12. Ne2 bxa3 13. bxa3 Bd7 14. O-O O-O 15. Nh2
Na5 16. e5 Ne8 17. exd6 Bxd6 18. Ng4 c4 19. Ne5 Bxe5 20. fxe5 cxd3 21. cxd3 Nb3
22. Bxb3 Rxb3 23. Nd4 Rc3 24. Rf3 Bb5 25. Nxb5 axb5 26. d4 Qc4 27. Rg3 Rd3 28.
Qf2 Qb3 29. Rf3 Nc7 30. Qg3 Ra8 31. Bh6 Ne8 32. Rxd3 Qxd3 33. Qxd3 1-0

[Event "31. Torneo San Viator 2019 - Grupo B"]
[Site "Madrid ESP"]
[Date "2019.09.29"]
[Round "3.7"]
[White "Perez Segoviano, Agustin"]
[Black "Urbelz Perez, Ignacio"]
[Result "1-0"]
[WhiteElo "1481"]
[BlackElo "1551"]
[PlyCount "77"]
[EventDate "2019.09.08"]
[EventType "swiss"]
[EventRounds "9"]
[EventCountry "ESP"]
[SourceTitle "Ajedrez en Madrid"]
[Source "lmi"]
[SourceDate "2019.09.08"]
[SourceVersion "1"]
[SourceVersionDate "2019.10.29"]
[SourceQuality "1"]

1. c4 Nf6 2. Nf3 g6 3. Nc3 Bg7 4. d4 d6 5. e4 O-O 6. Be2 Na6 7. O-O e5 8. dxe5
dxe5 9. Qxd8 Rxd8 10. Bg5 c6 11. a3 Bg4 12. b4 Bxf3 13. gxf3 Re8 14. Rad1 Rad8
15. c5 Nc7 16. Bc4 h6 17. Be3 Nh5 18. Ne2 Nf6 19. Nc3 Kf8 20. Rxd8 Rxd8 21. Rd1
Rxd1+ 22. Nxd1 Nh5 23. Nc3 Ke7 24. b5 Ne6 25. b6 a6 26. Bxa6 Nd4 27. Bxb7 Kd8
28. a4 Bf8 29. a5 Bxc5 30. Na4 Bxb6 31. axb6 Nf6 32. Bxd4 exd4 33. Bxc6 Nd7 34.
Bxd7 Kxd7 35. Kf1 Kc6 36. Ke2 Kd6 37. Kd3 Kc6 38. Kxd4 f6 39. e5 1-0